| 000 | 00609nam a22001815i 4500 | ||
|---|---|---|---|
| 001 | 166973 | ||
| 003 | ES-MaACL | ||
| 005 | 20250804062757.0 | ||
| 008 | 050920s1846 fr | |||||||| ||fre d | ||
| 040 |
_aCAM _bspa _cCAM |
||
| 100 | 1 |
_aValroger, Hyacinthe. _9133536 |
|
| 245 | 1 | 0 |
_aEtudes critiques sur le rationalisme contemporain / _cpar H. de Valroger. |
| 260 |
_aParis : _bJ. Lecoffre libraire-éditeur, _c1846 ( _eBayeux : _fImpr. Léon Nicolle) |
||
| 300 |
_aLXXIII, 612 p. ; _c21 cm. |
||
| 650 | 7 |
_aFilosofía _2embne _912802 |
|
| 852 |
_aES-MaACL _jG-12133 _z-- Enc. hol. |
||
| 999 |
_c166973 _d166973 |
||